000 00694nam a22002177a 4500
003 UA-OsUOA
001 105547
007 ta
008 20140312b un ||||| |||| 00| 0 ukr d
100 _aГолуб Н.
090 _a81
_bГ62
942 _cSA
040 _aUA-OsUOA
_bukr
_cUA-OsUOA
_dUA-OsUOA
245 _aМетод проектів у навчанні української мови
300 _aС.15-20
955 _a0
041 _aukr
080 _a81
773 0 _w105546
_tУкраїнська мова і література в школі
_dК.
_d2013
_g8
650 7 _a8 Мовознавство. Художня література. Літературознавство
_2UDC
999 _c391845
_d391845